000 00401nam a22001697a 4500
005 20180316154730.0
008 160622b xxu||||| |||| 00| 0 eng d
020 _a978-81-203-3631-5
041 _aeng
082 _b9160
_a332.645
100 _aHull, John, C
_9379
245 _aOptions, Futures and others Darithtions
260 _bPHI
300 _a772
650 _aManagement
_9241
942 _cBK
999 _c3532
_d3531